000 00963aam a2200361a 44500
008 931229s1993 cat
017 _aB-21129-1993
020 _a8439325738
041 _acat
041 _bcat
041 _bchi
041 _beng
041 _bspa
080 _a641.5(51)
110 _aCatalunya. Generalitat. Departament de Cultura
_961474
245 _aLèxic de menjars xinesos
_cGeneralitat de Catalunya. Generalitat. Departament de Cultura
250 _a2a ed
260 _aBarcelona
_bGeneralitat de Catalunya. Departament de Cultura
_c1993
300 _a22 p.
_c24 cm
500 _aÍndexs: p. 19
520 _a113
522 _aXina
591 _a3908
592 _aObra terminològica
593 _aKQ
594 _a3908
650 _agastronomia xinesa
_961475
901 _c<1993>
902 _a931229
942 _cMO
_n0
_2ddc
999 _c51396
_d51396